|
|
|
|
| LEADER |
00000nam a2200000 a 4500 |
| 001 |
vtls001075989 |
| 003 |
SK-MaSNL |
| 005 |
20260302063929.0 |
| 008 |
251031s1994 xo 0 slo |
| 015 |
|
|
|a SNBA1994/08
|
| 020 |
|
|
|a 8007006451
|
| 035 |
|
|
|a SNK000018822
|
| 040 |
|
|
|a SNK
|b slo
|c SNK
|e AACR2
|
| 041 |
0 |
|
|a slo
|
| 044 |
|
|
|a xo
|c SK
|
| 080 |
|
|
|a 635(035)
|2 1981
|
| 100 |
1 |
|
|a Šrot, Radoslav
|4 aut
|9 47227
|
| 240 |
1 |
0 |
|a Tisíc dobrých rad zahrádkářům
|l Slovensky
|
| 245 |
1 |
0 |
|a Tisíc dobrých rád záhradkárom
|c Radoslav Šrot ; Prel. Ján Braum, Ľubica Krajčovičová, Oľga Sedláková, Tatiana Šnírerová ; Graf. upr. Václav Rytina ; Ilustr. Radoslava Vodáková, Vlastimil Vodák ; Polep, tit. list a patitul navrhol Igor Imro
|
| 250 |
|
|
|a 1. vyd.
|
| 260 |
|
|
|a Bratislava
|b Príroda
|c 1994
|e Liptovský Mikuláš
|f TeLeM
|
| 300 |
|
|
|a 638 s., 61,03 AH, 61,95 VH
|b Reg., sch., tab.
|c 24 cm
|
| 500 |
|
|
|a Náz. na tit. liste: 1000 dobrých...
|
| 700 |
1 |
|
|a Braum, Ján
|4 trl
|9 725677
|
| 700 |
1 |
|
|a Krajčovičová, Ľubica,
|d 1953-
|4 trl
|9 37043
|
| 700 |
1 |
|
|a Sedláková, Oľga
|4 trl
|9 46699
|
| 700 |
1 |
|
|a Šnírerová, Tatiana,
|d 1950-
|4 trl
|9 37200
|
| 700 |
1 |
|
|a Rytina, Václav,
|d 1945-2004
|4 bkd
|9 256026
|
| 700 |
1 |
|
|a Vodáková, Radoslava
|4 ill
|9 47650
|
| 700 |
1 |
|
|a Vodák, Vlastimil,
|d 1946-
|4 ill
|9 47649
|
| 700 |
1 |
|
|a Imro, Igor,
|d 1943-
|4 nob
|9 86339
|
| 852 |
|
|
|a Slovenská národná knižnica
|
| 919 |
|
|
|a 80-07-00645-1
|
| 954 |
|
|
|a záhradkárstvo
|
| 958 |
|
|
|a APR
|
| 958 |
|
|
|a TL
|
| 958 |
|
|
|a OP
|
| 958 |
|
|
|a NS
|
| 958 |
|
|
|a CZ
|
| 968 |
|
|
|b ČES
|d Z čes. orig.
|
| 999 |
|
|
|c 1134853
|d 1136783
|
| 952 |
|
|
|t P60, <04>, [BOOK], {604}
|a SNK
|b SNK
|y VYP
|7 0
|p 17A0023468
|o snkSC 86373 D1
|0 0
|1 0
|4 0
|d 1996-11-27
|l 0
|r 2004-12-31 00:00:00
|w 2026-02-24
|